00401nam a2200145Ia 4500003000400000008004100004040001600045082001600061100001500077245008200092260003400174300001000208650001500218650002200233GCL140319s9999 xx 000 0 eng d aGCL / cGCL04a883.01bR H1 aROSE, H.J.10aA HANDBOOK OF GREEK MYTHOLOGY: INCLUDING ITS EXTENSION TO ROME / cROSE, H.J. a[S.N] : bROUTLEDGE ، c1991 a363 P04aLITERATURE04aMYTHOLOGY - GREEK